000 00902nam a2200253 i 4500
003 DO-SdBNP
005 20260304092050.0
006 a||||fr|||| 00| 0
007 ta
008 231121e2003 dr ||||| |||| 00| 0 spa d
040 _aDO-SdBNP
_bspa
_cBNPHU
_erda
082 4 _222
_bR426r
110 1 _aRepública Dominicana
_bSecretaría de Estado de Educación
_9607
_eautor
240 _a[Leyes, etc. ]
245 1 0 _aReglamento del estatuto del docente:
_bDecreto no. 639-03, Decreto no. 728-03. /
_cPresentación, Milagros Ortíz Bosch
264 1 _a[Santo Domingo] :
_bSecretaría de Estado de Educación,
_c2003
300 _a90 páginas ;
_c21 cm.
336 _2rdacontent
_atexto
_btxt
337 _2rdamedia
_asin mediación
_bn
338 _2rdacarrier
_avolumen
_bnc
590 _aInventariado 2023 / MF
700 1 2 _aOrtiz Bosch, Milagros, 1936-
_d1936-
_epresentación
_926797
942 _2ddc
_cLBS1
999 _c55545
_d55545